Stanley Gibbons priced catalogue of King George VI postage stamps (Record no. 555)

000 -LEADER
fixed length control field 00642nam a22002177a 4500
003 - CONTROL NUMBER IDENTIFIER
control field OSt
008 - FIXED-LENGTH DATA ELEMENTS--GENERAL INFORMATION
fixed length control field 140419b xxu||||| |||| 00| 0 eng d
041 ## - LANGUAGE CODE
Language code of text/sound track or separate title eng
100 1# - MAIN ENTRY--PERSONAL NAME
Personal name Stanley Gibbons, Ltd.
245 10 - TITLE STATEMENT
Title Stanley Gibbons priced catalogue of King George VI postage stamps
260 ## - PUBLICATION, DISTRIBUTION, ETC. (IMPRINT)
Place of publication, distribution, etc. London ; Ringwood, [England]
Name of publisher, distributor, etc. Stanley Gibbons, Ltd.
300 ## - PHYSICAL DESCRIPTION
Extent 200 pages
650 #0 - SUBJECT ADDED ENTRY--TOPICAL TERM
Topical term or geographic name as entry element British Colonies
650 #0 - SUBJECT ADDED ENTRY--TOPICAL TERM
Topical term or geographic name as entry element Great Britain
650 #0 - SUBJECT ADDED ENTRY--TOPICAL TERM
Topical term or geographic name as entry element British Commonwealth
650 #0 - SUBJECT ADDED ENTRY--TOPICAL TERM
Topical term or geographic name as entry element 20th Century
650 #0 - SUBJECT ADDED ENTRY--TOPICAL TERM
Topical term or geographic name as entry element George VI, King of Great Britain, 1895-1952
650 #0 - SUBJECT ADDED ENTRY--TOPICAL TERM
Topical term or geographic name as entry element Catalogs and Price Lists
650 #0 - SUBJECT ADDED ENTRY--TOPICAL TERM
Topical term or geographic name as entry element King George VI Issues
942 ## - ADDED ENTRY ELEMENTS (KOHA)
Edition
Holdings
Withdrawn status Lost status Materials specified (bound volume or other part) Damaged status Not for loan Collection code Permanent Location Current Location Shelving location Date acquired Total Checkouts Full call number Barcode Date last seen Price effective from Koha item type
    Soft Cover     Richard Drews Northern Philatelic Library Northern Philatelic Library General Stacks 04/19/2014   CATALOGS 1000667 06/27/2015 06/27/2015 Books

Powered by Koha